Statistics for Valorant Bundle Names

Click here to take the quiz!

General Stats

  • This quiz has been taken 845 times
  • The average score is 17 of 55

Answer Stats

HintAnswer% Correct
1775/gun, (sheriff, guardian, vandal, operator, knife)Reaver
91%
1775/gun, (classic, spectre, guardian, vandal, axe)Prime
86%
1775/gun, (shorty, bucky, guardian, phantom, claw)Oni
71%
2175/gun, (classic, frenzy, judge, bulldog, phantom, vandal, odin, operator, axe, dagger)Glitchpop
69%
1775/gun, (sheriff, bucky, phantom, operator, energy sword)Ion
69%
2475/gun, (sheriff, spectre, bulldog, phantom, personal administrative melee unit)Protocol 781-A
66%
1775/gun, (frenzy, bucky, phantom, odin, karambit)Prime//2.0
60%
2175/gun, (frenzy, stinger, guardian, vandal, blade)RGX 11z Pro
60%
2475/gun, (frenzy, judge, vandal, operator, dagger)Elderflame
55%
2175/gun, (sheriff, vandal, operator, ares, relic of the sentinel)Sentinels Of Light
55%
1775/gun, (ghost, sheriff, bucky, marshal, spectre, guardian, ares, operator, electroblade, shock gauntlet)Magepunk
54%
1775/gun, (classic, spectre, vandal, operator, ritual blade)Forsaken
52%
2675/gun, (classic, bulldog, guardian, phantom, waveform)Spectrum
51%
2675/gun, (vandal, karambit)Valorant Champions
48%
1775/gun, (classic, stinger, guardian, marshal, sword)Sovereign
44%
2175/gun, (ghost, spectre, guardian, phantom, broken blade of the ruined king)Ruination
42%
1775/gun, (frenzy, bucky, vandal, operator, crescent blade)Origin
41%
1775/gun, (ghost, spectre, guardian, phantom, balisong)Recon
39%
1775/gun, (ghost, spectre, guardian, phantom, knife)VALORANT Go! Vol. 1
38%
1775/gun, (ghost, guardian, vandal, marshal, Gaia's wrath)Gaia's Vengeance
37%
2175/gun, (sheriff, spectre, phantom, ares, knife)Singularity
37%
1775/gun, (frenzy, judge, phantom, ares, fan)Celestial
34%
2175/gun, (frenzy, spectre, phantom, odin, polymer knifetech coated knife)BlastX
33%
875/gun, (classic, judge, phantom, odin, knife)Smite
32%
1275/gun, (ghost, spectre, phantom, operator, ares, knife)Prism
31%
1775/gun, (classic, vandal, operator, ares, Yoru's stylish butterfly comb)VALORANT Go! Vol. 2
28%
1775/gun, (classic, spectre, bucky, phantom, baseball bat)Radiant Crisis 001
27%
2377/gun + bundle, (sheriff)Arcane
26%
1275/gun, (ghost, phantom, vandal, marshal, candy cane)Winterwunderland
23%
875/gun, (ghost, spectre, judge, vandal, knife)Luxe
21%
1775/gun, (classic, judge, bulldog, phantom, hack)Undercity
21%
1275/gun, (sheriff, spectre, phantom, operator, ares)Minima
18%
875/gun, (shorty, sheriff, stinger, bucky, vandal)Prism II
18%
1775/gun, (classic, spectre, bucky, operator, baton)Gravitational Uranium Neuroblaster (GUN)
17%
875/gun, (ghost, spectre, guardian, operator, ares)Infantry
17%
1275/gun, (shorty, spectre, phantom, operator, hu else)Tigris
17%
1775/gun, (sheriff, guardian, phantom, ares, knife)Nebula
16%
1275/gun, (classic, sheriff, stinger, vandal, ares)Sakura
16%
1775/gun, (ghost, stinger, guardian, vandal, knife)Ego
15%
1275/gun, (shorty, sheriff, spectre, vandal, marshal)Wasteland
15%
1275/gun, (classic, judge, phantom, ares, wand)Snowfall
14%
1775/gun, (classic, spectre, phantom, operator, dagger)Spline
13%
1275/gun, (frenzy, judge, phantom, vandal, operator)Team Ace
13%
1775/gun, (ghost, guardian, vandal, operator, prosperity)Tethered Realms
13%
1275/gun, (classic, spectre, phantom, vandal, marshal)Avalanche
11%
1775/gun, (shorty, stinger, phantom, marshal, ares)Doodle Buds
11%
1275/gun, (frenzy, spectre, bucky, bulldog, vandal)Horizon
11%
1275/gun, (sheriff, stinger, bulldog, vandal, ares)Aristocrat
10%
875/gun, (classic, bucky, guardian, phantom, marshal)Galleria
9%
875/gun, (frenzy, stinger, judge, vandal, odin)Sensation
9%
875/gun, (sheriff, spectre, judge, bulldog, operator)Convex
8%
875/gun, (ghost, bulldog, vandal, operator, ares)Endeavour
8%
875/gun, (frenzy, judge, bulldog, phantom, ares)Rush
8%
1275/gun, (sheriff, stinger, vandal, phantom, operator)Silvanus
8%
1275/gun, (frenzy, bulldog, vandal, ares, catrina)Nunca Olvidados
7%

Score Distribution

Percentile by Number Answered

Percent of People with Each Score

Your Score History

You have not taken this quiz